Biblioteca y Centro de Documentación

Vista normal Vista MARC

Entrada Nombre corporativo

Número de registros utilizados en: 23

001 - NÚMERO DE CONTROL

  • Campo de control: 2457

003 - IDENTIFICADOR DE NÚMERO DE CONTROL

  • Campo de control: ES-MaCES

005 - FECHA Y HORA DE LA ULTIMA MODIFICACION

  • Campo de control: 19991230134400.0

008 - ELEMENTOS DE DATOS DE LONGITUD FIJA

  • Campo de longitud fija: 981123 | azznnaabn || ana d

035 ## - NÚMERO DE CONTROL DEL SISTEMA

  • Número de control del sistema: CES19980004712e

040 ## - FUENTE DE LA CATALOGACIÓN

  • Agencia original de catalogación: ES-MaCES
  • Idioma de catalogación: spa
  • Agencia de transcripción: ES-MaCES

110 2# - ENCABEZAMIENTO--NOMBRE CORPORATIVO

  • Nombre corporativo o de jurisdicción como elemento de entrada: Consejo Europeo

410 2# - TRAZADO VEÁSE--NOMBRE CORPORATIVO

  • Nombre corporativo o de jurisdicción como elemento de entrada: Conseil européen

410 2# - TRAZADO VEÁSE--NOMBRE CORPORATIVO

  • Nombre corporativo o de jurisdicción como elemento de entrada: Consejo de la Unión Europea

410 2# - TRAZADO VEÁSE--NOMBRE CORPORATIVO

  • Nombre corporativo o de jurisdicción como elemento de entrada: Consejo de las Comunidades Europeas

410 2# - TRAZADO VEÁSE--NOMBRE CORPORATIVO

  • Nombre corporativo o de jurisdicción como elemento de entrada: Consejo de Ministros de la Unión Europea

410 2# - TRAZADO VEÁSE--NOMBRE CORPORATIVO

  • Nombre corporativo o de jurisdicción como elemento de entrada: European Council

670 ## - FUENTE DE DATOS ENCONTRADOS

  • Fuente de citación: CD del CES
  • Información encontrada: : el Consejo Europeo (European Council, Conseil européen) y las distintas acepciones por las que es conocido (Consejo de las Comunidades Europeas, Consejo de la Unión Europea), se erige según el art. D del Tratado de la Unión Europea con una función de impulso político de la Unión y la definición de orientaciones de política general, como uno de los pilares constituyentes del proceso de la Unión Europea. NO CONFUNDIR con el CONSEJO DE EUROPA

901 ## - CES. DATOS SIRTEX

  • ID Sirtex (N5N8): 0001800000471
  • 005BIS Sirtex: 199811231214MIG
© CES, Consejo Económico y Social de España 2021